00399 2200157 4500001002100000008004100021035002000062245003700082100002300119260003500142300001800177084001400195082000800209650001400217990001000231INLIS000000000000389 ind  a0010-0422000382 aAlam semestacTim Catha Edukatif aEdukatif,Tim Catha aSukoharjobCV Sindunatac[s.a] a48 hlmc25 cm a502 CAT a a502 aNon Fiksi aU0947